Lonely planet italy / (Record no. 15812)

000 -LEADER
fixed length control field 01757nam a2200325 a 4500
001 - CONTROL NUMBER
control field ASIN1741798515
005 - DATE AND TIME OF LATEST TRANSACTION
control field 20170105102926.0
008 - FIXED-LENGTH DATA ELEMENTS--GENERAL INFORMATION
fixed length control field 131211s2012 xxu eng d
020 ## - INTERNATIONAL STANDARD BOOK NUMBER
International Standard Book Number 1741798515 (paperback)
Terms of availability $25.99
020 ## - INTERNATIONAL STANDARD BOOK NUMBER
International Standard Book Number 9781741798517 (paperback)
040 ## - CATALOGING SOURCE
Original cataloging agency 0
082 ## - DEWEY DECIMAL CLASSIFICATION NUMBER
Classification number 914.50499312 ITL 2012
100 1# - MAIN ENTRY--PERSONAL NAME
Personal name Hardy, Paula.
245 00 - TITLE STATEMENT
Title Lonely planet italy /
Statement of responsibility, etc. Paula Hardy, Alison Bing, Abigail Blasi, Cristian Bonetto, Kerry Christiani, Gregor Clark, Joe Fullman, Duncan Garwood, Robert Landon, Vesna Maric.
250 ## - EDITION STATEMENT
Edition statement 10th ed.
260 ## - PUBLICATION, DISTRIBUTION, ETC.
Place of publication, distribution, etc. [S.l.] :
Name of publisher, distributor, etc. Lonely Planet,
Date of publication, distribution, etc. 2012.
300 ## - PHYSICAL DESCRIPTION
Extent 968 p. ;
Dimensions 20 cm.
520 ## - SUMMARY, ETC.
Summary, etc. Lonely Planet's #1 selling European country guide! Visitors to Italy are bombarded by sights, scenes and flavors – palaces and museums overflowing with art, Renaissance gardens, gourmet food markets. Come enjoy the vita bella (beautiful life). This full-color guide with 3D illustrations of major highlights and insightful features on seasonal and regional food and outdoor activities is essential for those wanting to see the best Italy has to offer! 15 authors, 13 volcanoes, 7600km of coastline and hundreds of Renaissance masterpieces Inspirational photos, pull-out city map, 3D plans of iconic sights, comprehensive planning tools, special Eat & Drink Like a Local feature and in-depth background.
700 1# - ADDED ENTRY--PERSONAL NAME
Personal name Bing, Alison.
700 1# - ADDED ENTRY--PERSONAL NAME
Personal name Blasi, Abigail.
700 1# - ADDED ENTRY--PERSONAL NAME
Personal name Bonetto, Cristian.
700 1# - ADDED ENTRY--PERSONAL NAME
Personal name Christiani, Kerry.
700 1# - ADDED ENTRY--PERSONAL NAME
Personal name Clark, Gregor.
700 1# - ADDED ENTRY--PERSONAL NAME
Personal name Fullman, Joe.
700 1# - ADDED ENTRY--PERSONAL NAME
Personal name Garwood, Duncan.
700 1# - ADDED ENTRY--PERSONAL NAME
Personal name Landon, Robert.
700 1# - ADDED ENTRY--PERSONAL NAME
Personal name Maric, Vesna.
856 40 - ELECTRONIC LOCATION AND ACCESS
Materials specified Amazon.com
Uniform Resource Identifier <a href="http://www.amazon.com/exec/obidos/ASIN/1741798515/chopaconline-20">http://www.amazon.com/exec/obidos/ASIN/1741798515/chopaconline-20</a>
942 ## - ADDED ENTRY ELEMENTS (KOHA)
Source of classification or shelving scheme
Koha item type Book
Holdings
Withdrawn status Lost status Damaged status Not for loan Collection code Permanent Location Current Location Shelving location Date acquired Total Checkouts Full call number Barcode Date last seen Price effective from Koha item type
          Centre for International Peace & Stability (CIPS) Centre for International Peace & Stability (CIPS) General Stacks 10/02/2013   914.50499312 ITL 2012 CIPS0001979 12/12/2013 12/12/2013 Book
© 2023 Central Library, National University of Sciences and Technology. All Rights Reserved.